The Bible: (Record no. 7576)

000 -LEADER
fixed length control field 00546nam a2200181 a 4500
001 - CONTROL NUMBER
control field :::00005337$&:&@@
003 - CONTROL NUMBER IDENTIFIER
control field OkBaRHE
005 - DATE AND TIME OF LATEST TRANSACTION
control field 20000607103325.0
008 - FIXED-LENGTH DATA ELEMENTS--GENERAL INFORMATION
fixed length control field s1929 j 000 0 eng u
040 ## - CATALOGING SOURCE
Transcribing agency
100 1# - MAIN ENTRY--PERSONAL NAME
Personal name McCrossan, T. J.
245 14 - TITLE STATEMENT
Title The Bible:
Remainder of title its Christ and modernism.
260 ## - PUBLICATION, DISTRIBUTION, ETC. (IMPRINT)
Place of publication, distribution, etc Wheaton, IL., :
Name of publisher, distributor, etc Sword of the Lord Publishers
Date of publication, distribution, etc c1929
300 ## - PHYSICAL DESCRIPTION
Extent 215 p.
650 ## - SUBJECT ADDED ENTRY--TOPICAL TERM
Topical term or geographic name as entry element Bible
General subdivision Evidences
942 ## - ADDED ENTRY ELEMENTS (KOHA)
Source of classification or shelving scheme
Koha item type Books
Copies
Barcode Damaged status Date last seen Not for loan Date acquired Lost status Withdrawn status Permanent Location Koha item type Full call number Price effective from Shelving location Source of classification or shelving scheme Copy number
5337 2010-04-14 2010-04-14  RHEMA Bible Training CollegeBooksBT 480 .M23B52010-04-14General Stacks 1